| 000 | 02844cam a2200493 i 4500 | ||
|---|---|---|---|
| 999 |
_c1491 _d1491 |
||
| 001 | 17569976 | ||
| 003 | OSt | ||
| 005 | 20210628095558.0 | ||
| 008 | 121220s2014 caua b 001 0 eng d | ||
| 010 | _a 2012956197 | ||
| 020 | _a1285077172 | ||
| 020 | _a9781285077178 | ||
| 035 | _a(OCoLC)ocn811206574 | ||
| 040 |
_aYDXCP _beng _erda _cYDXCP _dBTCTA _dOCLCQ _dNROCY _dUAT _dOCLCF _dOCLCO _dTTS _dDLC |
||
| 042 | _alccopycat | ||
| 043 | _an-us--- | ||
| 050 | 0 | 0 |
_aHV91 _b.Z37 2014 |
| 082 | 0 | 4 |
_a362.973 _222 |
| 100 | 1 | _aZastrow, Charles. | |
| 245 | 1 | 0 |
_aIntroduction to social work and social welfare : _bempowering people / _cCharles Zastrow. |
| 250 | _aEleventh Edition | ||
| 264 | 1 |
_aBelmont, CA : _bBrooks Cole, Cengage Learning, _cc2014 |
|
| 300 |
_axvii, 621 pages : _billustrations some color ; _c26 cm. |
||
| 336 |
_atext _btxt _2rdacontent |
||
| 337 |
_aunmediated _bn _2rdamedia |
||
| 338 |
_avolume _bnc _2rdacarrier |
||
| 490 | 1 | _aEmpowerment series | |
| 504 | _aIncludes bibliographical references and index. | ||
| 505 | 0 | _aSocial welfare : its business, history, and future -- Social work as a profession and a career -- Generalist social work practice -- Poverty and public welfare -- Emotional/behavioral problems and counseling -- Family problems and services to families -- Sexual orientation and services to LGBT individuals -- Drug abuse and drug treatment programs -- Crime, juvenile delinquency, and correctional services -- Problems in education and school social work -- Work-related problems and social work in the workplace -- Racism, ethnocentrism, and strategies for advancing social and economic justice -- Sexism and efforts for achieving equality -- Aging and gerontological services -- Aging and gerontological services -- Health problems and medical social services -- Physical and mental disabilities and rehabilitation -- Overpopulation, misuse of the environment, and family planning. | |
| 650 | 0 |
_aSocial service _xVocational guidance _zUnited States. |
|
| 650 | 0 |
_aPublic welfare _zUnited States. |
|
| 650 | 7 |
_aPublic welfare. _2fast _0(OCoLC)fst01083250 |
|
| 650 | 7 |
_aSocial service. _2fast _0(OCoLC)fst01123192 |
|
| 650 | 7 |
_aSocial service _xVocational guidance. _2fast _0(OCoLC)fst01123302 |
|
| 651 | 7 |
_aUnited States. _2fast _0(OCoLC)fst01204155 |
|
| 830 | 0 | _aBrooks/Cole empowerment series. | |
| 856 | 4 | 2 |
_3Contributor biographical information _uhttp://www.loc.gov/catdir/enhancements/fy1510/2012956197-b.html |
| 856 | 4 | 2 |
_3Publisher description _uhttp://www.loc.gov/catdir/enhancements/fy1510/2012956197-d.html |
| 856 | 4 | 1 |
_3Table of contents only _uhttp://www.loc.gov/catdir/enhancements/fy1510/2012956197-t.html |
| 906 |
_a7 _bcbc _ccopycat _d3 _encip _f20 _gy-gencatlg |
||
| 942 |
_2lcc _cBK _nMM |
||